Tradičné bankrotné modely a ich využitie v súčasných podmienkach Slovenskej republiky

Bonitné a bankrotné modely a ich využitie v podnikovom sektore. Aplikácia Altmanovho, Tafflerovho a Springate modelu v súčasných podmienkach Slovenskej republiky.

Salvato in:
Dettagli Bibliografici
Autore principale: Tobák, Juraj, 1986-
Altri autori: Tutková, Petra, 1987-
Natura: Capitolo di libro
Lingua:slovacco
Soggetti:
Tags: Aggiungi Tag
Nessun Tag, puoi essere il primo ad aggiungerne!!

MARC

LEADER 00000nla a2200000 4500
001 0198547
005 20240502073344.4
041 0 |a slo 
044 |a SK 
245 1 0 |a Tradičné bankrotné modely a ich využitie v súčasných podmienkach Slovenskej republiky  |c Juraj Tobák, Petra Tutková 
520 |a Bonitné a bankrotné modely a ich využitie v podnikovom sektore. Aplikácia Altmanovho, Tafflerovho a Springate modelu v súčasných podmienkach Slovenskej republiky. 
610 2 0 |a situácia finančná podniku 
610 2 0 |a metóda Altmanova 
610 2 0 |a modely ekonomicko-matematické 
610 2 0 |a bankrot 
610 2 0 |a modely 
610 2 0 |a podnik 
100 1 |a Tobák, Juraj, 1986- 
700 1 |a Tutková, Petra, 1987-